000 00311nam a2200133 i 4500
001 bg
100 1 _aROSETOV, L.
245 0 _aKonstruirovanie racionalnych mechanizmov /
_cL. Rosetov.
260 _aMoskva,
_c1967.
040 _cBPK
041 _apol
942 _cKS
008 s pl f |000 0 pol
999 _c8897
_d8897
856 _uhttp://koha.tu.koszalin.pl/cgi-bin/koha/opac-detail.pl?biblionumber=8897
_yKatalog online BPK